[Event "64th DEN-ch"]
[Site "Naestved DEN"]
[Date "1985.03.29"]
[Round "1"]
[White "Fries-Nielsen, Jens Ove"]
[Black "Kristiansen, Jens"]
[WhiteElo "2390"]
[BlackElo "2455"]
[Result "1/2-1/2"]
[EventDate "1985.03.29"]
[SourceTitle "MCD"]
[PlyCount "26"]
[EventCategory "4"]
[Source "ChessBase"]
[SourceDate "1999.07.01"]
[SourceVersion "1"]
[SourceVersionDate "1999.07.01"]
[SourceQuality "1"]

1. d4 Nf6 2. c4 d6 3. Nc3 g6 4. e4 Bg7 5. Bd3 O-O 6. Nge2 e5 7. d5 Nh5 8. O-O
f5 9. exf5 gxf5 10. f4 Nd7 11. Be3 exf4 12. Nxf4 Nxf4 13. Bxf4 Ne5 1/2-1/2

[Event "64th DEN-ch"]
[Site "Naestved DEN"]
[Date "1985.03.29"]
[Round "1"]
[White "Hartung Nielsen, Jens"]
[Black "Hansen, Curt"]
[WhiteElo "2245"]
[BlackElo "2505"]
[Result "1/2-1/2"]
[EventDate "1985.03.29"]
[SourceTitle "MCD"]
[PlyCount "34"]
[EventCategory "4"]
[Source "ChessBase"]
[SourceDate "1999.07.01"]
[SourceVersion "1"]
[SourceVersionDate "1999.07.01"]
[SourceQuality "1"]

1. d4 Nf6 2. Nf3 e6 3. Bg5 d5 4. e3 Be7 5. Nbd2 Nbd7 6. Bd3 c5 7. c3 b6 8. O-O
Bb7 9. Qb1 O-O 10. Ne5 h6 11. Bxf6 Bxf6 12. f4 Bxe5 13. fxe5 f6 14. exf6 Rxf6
15. Bb5 a6 16. Bxd7 Qxd7 17. Nf3 a5 1/2-1/2

[Event "64th DEN-ch"]
[Site "Naestved DEN"]
[Date "1985.03.29"]
[Round "1"]
[White "Rasmussen, Karsten"]
[Black "Brinck-Claussen, Bjoern"]
[WhiteElo "2295"]
[BlackElo "2380"]
[Result "1/2-1/2"]
[EventDate "1985.03.29"]
[SourceTitle "MCD"]
[PlyCount "46"]
[EventCategory "4"]
[Source "ChessBase"]
[SourceDate "1999.07.01"]
[SourceVersion "1"]
[SourceVersionDate "1999.07.01"]
[SourceQuality "1"]

1. e4 e5 2. Bc4 Nf6 3. d3 Bc5 4. Nf3 d6 5. O-O Nc6 6. c3 O-O 7. Bb3 Bg4 8. Nbd2
Qe7 9. Re1 Nh5 10. h3 Bd7 11. Nc4 b5 12. Ne3 Bxe3 13. Bxe3 Qf6 14. d4 Nf4 15.
dxe5 Nxe5 16. Nxe5 Qxe5 17. Qd2 Ng6 18. Rad1 Bc6 19. Bd4 Qh5 20. Kh2 a5 21. f4
Rae8 22. f5 Ne5 23. Qf4 a4 1/2-1/2

[Event "64th DEN-ch"]
[Site "Naestved DEN"]
[Date "1985.03.29"]
[Round "1"]
[White "Reinert, Mads"]
[Black "Jakobsen, Ole"]
[WhiteElo "2260"]
[BlackElo "2400"]
[Result "1-0"]
[EventDate "1985.03.29"]
[SourceTitle "MCD"]
[PlyCount "59"]
[EventCategory "4"]
[Source "ChessBase"]
[SourceDate "1999.07.01"]
[SourceVersion "1"]
[SourceVersionDate "1999.07.01"]
[SourceQuality "1"]

1. e4 c5 2. Nf3 e6 3. d4 cxd4 4. Nxd4 d6 5. Be2 Nf6 6. Nc3 Be7 7. O-O O-O 8. f4
a6 9. Kh1 Qc7 10. Bf3 Nc6 11. g4 Nxd4 12. Qxd4 e5 13. Qg1 exf4 14. g5 Nd7 15.
Nd5 Qd8 16. Bxf4 Re8 17. Rad1 Bf8 18. Bh5 Rxe4 19. Bxf7+ Kxf7 20. Bxd6+ Kg8 21.
Bxf8 Qe8 22. Nc7 Qg6 23. Nxa8 b6 24. Qg2 Nxf8 25. Rd8 Re8 26. Rxe8 Qxe8 27. Nc7
Qd7 28. Qd5+ Qxd5+ 29. Nxd5 Bb7 30. c4 1-0

[Event "64th DEN-ch"]
[Site "Naestved DEN"]
[Date "1985.03.30"]
[Round "2"]
[White "Brinck-Claussen, Bjoern"]
[Black "Hartung Nielsen, Jens"]
[WhiteElo "2380"]
[BlackElo "2245"]
[Result "1/2-1/2"]
[EventDate "1985.03.29"]
[SourceTitle "MCD"]
[PlyCount "103"]
[EventCategory "4"]
[Source "ChessBase"]
[SourceDate "1999.07.01"]
[SourceVersion "1"]
[SourceVersionDate "1999.07.01"]
[SourceQuality "1"]

1. d4 Nf6 2. c4 e6 3. Nf3 d5 4. Bg5 Be7 5. Nc3 O-O 6. cxd5 exd5 7. Qc2 c6 8. e3
Re8 9. Bxf6 Bxf6 10. Bd3 g6 11. O-O Bg7 12. b4 Qd6 13. Qb3 Bg4 14. b5 Nd7 15.
Rac1 Bxf3 16. gxf3 Rac8 17. Rfd1 Bf8 18. Bf1 Qe6 19. Rc2 Nb6 20. Na4 Nxa4 21.
Qxa4 c5 22. dxc5 Bxc5 23. Qb3 Red8 24. Rcd2 b6 25. Rxd5 Rxd5 26. Qxd5 Qxd5 27.
Rxd5 Rc7 28. f4 f5 29. Bc4 Kg7 30. Bb3 Kf6 31. Kg2 Re7 32. Kf3 Kg7 33. Ke2 Kf6
34. Kd3 Kg7 35. a4 Kf6 36. a5 Bb4 37. a6 Rc7 38. Bc4 Ke7 39. f3 Bd6 40. h3 Rc8
41. Kc3 Rc7 42. Rd1 Rc8 43. Re1 Kf6 44. Kb3 Re8 45. Re2 Bb8 46. Kc3 Bd6 47. Kc2
Rc8 48. Kb3 Re8 49. Bd3 Rd8 50. Bc2 Re8 51. Bd1 Bb8 52. Kb2 1/2-1/2

[Event "64th DEN-ch"]
[Site "Naestved DEN"]
[Date "1985.03.30"]
[Round "2"]
[White "Hoei, Carsten"]
[Black "Jakobsen, Ole"]
[WhiteElo "2380"]
[BlackElo "2400"]
[Result "1/2-1/2"]
[EventDate "1985.03.29"]
[SourceTitle "MCD"]
[PlyCount "111"]
[EventCategory "4"]
[Source "ChessBase"]
[SourceDate "1999.07.01"]
[SourceVersion "1"]
[SourceVersionDate "1999.07.01"]
[SourceQuality "1"]

1. d4 Nf6 2. Nc3 d5 3. Bg5 Nbd7 4. Nf3 a6 5. Ne5 e6 6. e4 dxe4 7. Nxe4 Be7 8.
Bxf6 Nxf6 9. Bd3 Qd5 10. f3 Nd7 11. Nxd7 Bxd7 12. c3 e5 13. dxe5 Qxe5 14. Qe2
O-O-O 15. O-O-O f5 16. Ng3 Qxe2 17. Nxe2 Rhe8 18. Kc2 Bd6 19. h3 Re3 20. Rhe1
Rde8 21. Kd2 g6 22. Nd4 Bf4 23. Rxe3 Bxe3+ 24. Kc2 h5 25. Bc4 Re7 26. Re1 Kd8
27. Kd3 f4 28. b4 Re5 29. Re2 Ke7 30. g4 Kf6 31. a3 c5 32. bxc5 Rxc5 33. Rb2 b5
34. Bb3 Re5 35. c4 Bc1 36. Ra2 Re3+ 37. Kc2 Re1 38. cxb5 Be3 39. Kd3 Bxd4 40.
Kxd4 Bxb5 41. gxh5 gxh5 42. h4 Re3 43. Bd5 Be2 44. Rc2 Bb5 45. Rc3 Re1 46. Rc7
Re3 47. Rf7+ Kg6 48. Rb7 Kf6 49. Rf7+ Kg6 50. Ra7 Be2 51. a4 Bxf3 52. Bxf3 Rxf3
53. Ke4 Re3+ 54. Kxf4 Re6 55. a5 Rc6 56. Ra8 1/2-1/2

[Event "64th DEN-ch"]
[Site "Naestved DEN"]
[Date "1985.03.30"]
[Round "2"]
[White "Kristiansen, Jens"]
[Black "Reinert, Mads"]
[WhiteElo "2455"]
[BlackElo "2260"]
[Result "1-0"]
[EventDate "1985.03.29"]
[SourceTitle "MCD"]
[PlyCount "81"]
[EventCategory "4"]
[Source "ChessBase"]
[SourceDate "1999.07.01"]
[SourceVersion "1"]
[SourceVersionDate "1999.07.01"]
[SourceQuality "1"]

1. c4 e5 2. Nc3 d6 3. g3 f5 4. d4 Nc6 5. Nf3 e4 6. Ng5 h6 7. Nh3 g5 8. f4 g4 9.
Nf2 Nf6 10. e3 h5 11. h4 d5 12. b3 Be6 13. Bb2 Ne7 14. Qd2 c6 15. Ba3 Kf7 16.
Nfd1 Bg7 17. Rc1 Rc8 18. Nb2 Kg6 19. Rh2 b6 20. Nba4 Re8 21. Qd1 Rc7 22. Rhc2
Rd7 23. Rd2 Nc8 24. Kf2 dxc4 25. bxc4 c5 26. d5 Bf7 27. Nb5 a6 28. Nbc3 Qc7 29.
Rb1 Red8 30. Rdb2 Rd6 31. Qc2 Be8 32. Rb3 Bf7 33. Be2 Nd7 34. Bb2 Nf6 35. Nd1
b5 36. Be5 bxa4 37. Rb7 Qa5 38. Bc3 Qxc3 39. Nxc3 Nd7 40. Nxa4 Be8 41. Rc7 1-0

[Event "64th DEN-ch"]
[Site "Naestved DEN"]
[Date "1985.03.30"]
[Round "2"]
[White "Pedersen, Erik"]
[Black "Fries-Nielsen, Jens Ove"]
[WhiteElo "2395"]
[BlackElo "2390"]
[Result "1/2-1/2"]
[EventDate "1985.03.29"]
[SourceTitle "MCD"]
[PlyCount "59"]
[EventCategory "4"]
[Source "ChessBase"]
[SourceDate "1999.07.01"]
[SourceVersion "1"]
[SourceVersionDate "1999.07.01"]
[SourceQuality "1"]

1. d4 Nf6 2. Nf3 e6 3. e3 d5 4. Bd3 Bd6 5. O-O Nbd7 6. c4 b6 7. Nc3 Bb7 8. cxd5
exd5 9. Qc2 O-O 10. Nb5 Ne4 11. Nxd6 cxd6 12. Bd2 Ndf6 13. Rfc1 Rc8 14. Qa4
Nxd2 15. Nxd2 a6 16. Qb4 Rxc1+ 17. Rxc1 g6 18. Nb3 Re8 19. Na5 Ng4 20. Be2 Bc8
21. Nc6 Qc7 22. Qd2 Nf6 23. Nb4 Qa7 24. Qc3 a5 25. Nd3 Bd7 26. Qc7 Qxc7 27.
Rxc7 Rc8 28. Rxc8+ Bxc8 29. f3 Kf8 30. Kf2 1/2-1/2

[Event "64th DEN-ch"]
[Site "Naestved DEN"]
[Date "1985.03.31"]
[Round "3"]
[White "Hartung Nielsen, Jens"]
[Black "Oest-Hansen, Jacob"]
[WhiteElo "2245"]
[BlackElo "2430"]
[Result "1/2-1/2"]
[EventDate "1985.03.29"]
[SourceTitle "MCD"]
[PlyCount "50"]
[EventCategory "4"]
[Source "ChessBase"]
[SourceDate "1999.07.01"]
[SourceVersion "1"]
[SourceVersionDate "1999.07.01"]
[SourceQuality "1"]

1. d4 Nf6 2. Nf3 g6 3. Bg5 Bg7 4. Nbd2 h6 5. Bh4 d6 6. e4 g5 7. Bg3 Nh5 8. c3
e6 9. Nc4 f5 10. Nfd2 Nxg3 11. hxg3 fxe4 12. Qh5+ Kf8 13. Ne3 c5 14. dxc5 d5
15. O-O-O Nd7 16. Nb3 Qc7 17. Bb5 Nf6 18. Qg6 a6 19. Ba4 Rb8 20. Ng4 Qf7 21.
Ne5 Qc7 22. Ng4 Qf7 23. Qxf7+ Kxf7 24. Ne5+ Kg8 25. Nd4 h5 1/2-1/2

[Event "64th DEN-ch"]
[Site "Naestved DEN"]
[Date "1985.03.31"]
[Round "3"]
[White "Jakobsen, Ole"]
[Black "Kristiansen, Jens"]
[WhiteElo "2400"]
[BlackElo "2455"]
[Result "1-0"]
[EventDate "1985.03.29"]
[SourceTitle "MCD"]
[PlyCount "109"]
[EventCategory "4"]
[Source "ChessBase"]
[SourceDate "1999.07.01"]
[SourceVersion "1"]
[SourceVersionDate "1999.07.01"]
[SourceQuality "1"]

1. c4 g6 2. e4 Bg7 3. d4 d6 4. Nc3 Nf6 5. f3 O-O 6. Be3 e5 7. d5 c6 8. Qd2 cxd5
9. cxd5 a6 10. Bd3 Nh5 11. Nge2 f5 12. O-O-O Nd7 13. Kb1 Nc5 14. Bc2 b5 15.
exf5 gxf5 16. h3 Bd7 17. g4 Nf4 18. Nxf4 exf4 19. Bxf4 b4 20. Ne2 b3 21. axb3
Rb8 22. Nd4 Qf6 23. Bg5 Nxb3 24. Qf4 Qxd4 25. Rxd4 Nxd4 26. Bh6 Rxb2+ 27. Kxb2
Ne2+ 28. Bxg7 Rb8+ 29. Ka3 Nxf4 30. Bh6 Ne2 31. gxf5 Kf7 32. Be4 Kf6 33. Re1
Nc3 34. Rg1 Nb5+ 35. Ka2 Rb7 36. Bg7+ Kf7 37. Bb2 Bc8 38. h4 Kf8 39. h5 Rf7 40.
f6 Nc7 41. Rc1 Bb7 42. Ka3 Ne8 43. Rb1 Nc7 44. Ba1 Nb5+ 45. Kb4 Rc7 46. Bb2 Rc5
47. Rc1 a5+ 48. Ka4 Rxc1 49. Bxc1 Nc3+ 50. Kxa5 Nxe4 51. fxe4 Bc8 52. Kb6 Bg4
53. Kc6 Bf3 54. Kxd6 Bxe4 55. Ke6 1-0

[Event "64th DEN-ch"]
[Site "Naestved DEN"]
[Date "1985.03.31"]
[Round "3"]
[White "Rasmussen, Karsten"]
[Black "Hoei, Carsten"]
[WhiteElo "2295"]
[BlackElo "2380"]
[Result "0-1"]
[EventDate "1985.03.29"]
[SourceTitle "MCD"]
[PlyCount "78"]
[EventCategory "4"]
[Source "ChessBase"]
[SourceDate "1999.07.01"]
[SourceVersion "1"]
[SourceVersionDate "1999.07.01"]
[SourceQuality "1"]

1. e4 g6 2. d4 Bg7 3. c3 d6 4. Nf3 Nf6 5. Bd3 O-O 6. O-O Nc6 7. Bg5 h6 8. Bh4
Nh5 9. Nbd2 Nf4 10. Bc2 g5 11. Bg3 Bg4 12. Nc4 e6 13. Re1 Qe7 14. Ne3 Bh5 15.
Nd5 exd5 16. exd5 Qf6 17. dxc6 bxc6 18. Re3 Rab8 19. Bb3 Rfe8 20. Qe1 Kf8 21.
Bxf4 Qxf4 22. Qd2 Rxe3 23. fxe3 Qe4 24. Bc2 Qe7 25. b3 Re8 26. Kf2 g4 27. Ne1
Qf6+ 28. Kg1 Qg5 29. Kf2 c5 30. g3 cxd4 31. cxd4 c5 32. Rd1 cxd4 33. exd4 Qf6+
34. Kg2 Bg6 35. Qf2 Rxe1 36. Qxf6 Bxf6 37. Rxe1 Bxc2 38. Rc1 Be4+ 39. Kf1 Bxd4
0-1

[Event "64th DEN-ch"]
[Site "Naestved DEN"]
[Date "1985.03.31"]
[Round "3"]
[White "Reinert, Mads"]
[Black "Pedersen, Erik"]
[WhiteElo "2260"]
[BlackElo "2395"]
[Result "1/2-1/2"]
[EventDate "1985.03.29"]
[SourceTitle "MCD"]
[PlyCount "49"]
[EventCategory "4"]
[Source "ChessBase"]
[SourceDate "1999.07.01"]
[SourceVersion "1"]
[SourceVersionDate "1999.07.01"]
[SourceQuality "1"]

1. e4 c6 2. d4 d5 3. Nc3 g6 4. Nf3 Bg7 5. Bd3 dxe4 6. Nxe4 Nd7 7. Bg5 Ngf6 8.
c3 O-O 9. Qd2 Nxe4 10. Bxe4 Nf6 11. Bc2 Qa5 12. O-O c5 13. Rfe1 cxd4 14. Nxd4
Re8 15. b4 Qc7 16. Bb3 Bd7 17. Nf3 Rad8 18. Bf4 Qc8 19. Ng5 e6 20. Be5 h6 21.
Nf3 Ba4 22. Qf4 Nh5 23. Qe3 Bxb3 24. axb3 a6 25. Bxg7 1/2-1/2

[Event "64th DEN-ch"]
[Site "Naestved DEN"]
[Date "1985.04.01"]
[Round "4"]
[White "Brinck-Claussen, Bjoern"]
[Black "Fries-Nielsen, Jens Ove"]
[WhiteElo "2380"]
[BlackElo "2390"]
[Result "1/2-1/2"]
[EventDate "1985.03.29"]
[SourceTitle "MCD"]
[PlyCount "46"]
[EventCategory "4"]
[Source "ChessBase"]
[SourceDate "1999.07.01"]
[SourceVersion "1"]
[SourceVersionDate "1999.07.01"]
[SourceQuality "1"]

1. d4 d5 2. c4 e6 3. Nc3 Bb4 4. cxd5 exd5 5. Qa4+ Nc6 6. Nf3 Nge7 7. Bf4 Ng6 8.
Bg3 Bg4 9. e3 Bxf3 10. gxf3 O-O 11. h4 Nge7 12. Bd3 Bd6 13. Bxd6 Qxd6 14. O-O-O
a6 15. Rdg1 f5 16. f4 Nb4 17. Bb1 b5 18. Qd1 c5 19. dxc5 Qxc5 20. Qd4 Qxd4 21.
exd4 Nbc6 22. Ne2 Rf6 23. Rg3 Kf7 1/2-1/2

[Event "64th DEN-ch"]
[Site "Naestved DEN"]
[Date "1985.04.01"]
[Round "4"]
[White "Hansen, Curt"]
[Black "Reinert, Mads"]
[WhiteElo "2505"]
[BlackElo "2260"]
[Result "0-1"]
[EventDate "1985.03.29"]
[SourceTitle "MCD"]
[PlyCount "40"]
[EventCategory "4"]
[Source "ChessBase"]
[SourceDate "1999.07.01"]
[SourceVersion "1"]
[SourceVersionDate "1999.07.01"]
[SourceQuality "1"]

1. d4 Nf6 2. Nf3 c5 3. c4 cxd4 4. Nxd4 e5 5. Nb5 d5 6. cxd5 Bc5 7. e3 O-O 8.
N5c3 e4 9. a3 a5 10. Nd2 Qe7 11. h3 Rd8 12. Qc2 Bf5 13. g4 Bg6 14. Bg2 Nxd5 15.
h4 Bxe3 16. Nxd5 Bxf2+ 17. Ke2 Rxd5 18. h5 Nc6 19. Nb3 a4 20. Kxf2 e3+ 0-1

[Event "64th DEN-ch"]
[Site "Naestved DEN"]
[Date "1985.04.01"]
[Round "4"]
[White "Hoei, Carsten"]
[Black "Kristiansen, Jens"]
[WhiteElo "2380"]
[BlackElo "2455"]
[Result "1/2-1/2"]
[EventDate "1985.03.29"]
[SourceTitle "MCD"]
[PlyCount "81"]
[EventCategory "4"]
[Source "ChessBase"]
[SourceDate "1999.07.01"]
[SourceVersion "1"]
[SourceVersionDate "1999.07.01"]
[SourceQuality "1"]

1. d4 Nf6 2. Nc3 d5 3. Bg5 c5 4. e3 Nc6 5. Nf3 Bg4 6. Bxf6 gxf6 7. Be2 e6 8.
O-O f5 9. dxc5 Bxc5 10. Nd4 h5 11. Qd3 Qg5 12. f4 Qe7 13. Nxc6 bxc6 14. Na4 Bd6
15. c4 Qb7 16. Rac1 Rg8 17. Kh1 h4 18. c5 Bxe2 19. Qxe2 Be7 20. Qd2 Bf6 21. b3
Qa6 22. Rfd1 Rb8 23. Nc3 Qa3 24. Ne2 Qb4 25. Nd4 Qxd2 26. Rxd2 Kd7 27. Kg1 Rb4
28. Kf2 a5 29. Rb1 Rgb8 30. Ke2 a4 31. Rd3 Be7 32. Rc1 axb3 33. Rxb3 Kc7 34.
Kd3 R8b7 35. Rc2 Ra4 36. Rb6 Rxb6 37. cxb6+ Kxb6 38. Rxc6+ Kb7 39. Rc2 Ra3+ 40.
Ke2 Bf6 41. Nb5 1/2-1/2

[Event "64th DEN-ch"]
[Site "Naestved DEN"]
[Date "1985.04.01"]
[Round "4"]
[White "Pedersen, Erik"]
[Black "Jakobsen, Ole"]
[WhiteElo "2395"]
[BlackElo "2400"]
[Result "0-1"]
[EventDate "1985.03.29"]
[SourceTitle "MCD"]
[PlyCount "112"]
[EventCategory "4"]
[Source "ChessBase"]
[SourceDate "1999.07.01"]
[SourceVersion "1"]
[SourceVersionDate "1999.07.01"]
[SourceQuality "1"]

1. d4 Nf6 2. Nf3 c5 3. d5 g6 4. c4 d6 5. Nc3 Bg7 6. Bg5 h6 7. Bh4 g5 8. Bg3 Nh5
9. e4 Qa5 10. Qd2 Nd7 11. Be2 Nxg3 12. hxg3 Nb6 13. O-O Bd7 14. e5 g4 15. e6
fxe6 16. Nh4 exd5 17. cxd5 O-O-O 18. Ng6 Rhe8 19. Nf4 Kb8 20. Rfe1 Qb4 21. a3
Qd4 22. Qc2 Qf6 23. a4 e6 24. dxe6 Bxe6 25. a5 Nc8 26. a6 b6 27. Qa4 Bd7 28.
Bb5 Bxb5 29. Qxb5 Qf7 30. Red1 Be5 31. Qc6 Qd7 32. Qd5 Ne7 33. Qc4 Bd4 34. Re1
Nc6 35. Ncd5 Re5 36. Qb3 Na5 37. Qc2 Qf7 38. Rab1 Rde8 39. Red1 Nc6 40. Qa4 Rc8
41. Nc3 h5 42. Nb5 Rd8 43. Na3 Qd7 44. Nc4 Re4 45. Nd5 Ne7 46. Qc2 Qe6 47.
Ndxb6 axb6 48. Qb3 Nc8 49. a7+ Ka8 50. Nxb6+ Nxb6 51. Qxb6 Qc8 52. b4 Re7 53.
Rbc1 Rb7 54. Qa6 Rxb4 55. Qa5 Qd7 56. Rb1 Bc3 0-1

[Event "64th DEN-ch"]
[Site "Naestved DEN"]
[Date "1985.04.01"]
[Round "4"]
[White "Rasmussen, Karsten"]
[Black "Hartung Nielsen, Jens"]
[WhiteElo "2295"]
[BlackElo "2245"]
[Result "1-0"]
[EventDate "1985.03.29"]
[SourceTitle "MCD"]
[PlyCount "89"]
[EventCategory "4"]
[Source "ChessBase"]
[SourceDate "1999.07.01"]
[SourceVersion "1"]
[SourceVersionDate "1999.07.01"]
[SourceQuality "1"]

1. e4 c5 2. Nf3 d6 3. d4 cxd4 4. Nxd4 Nf6 5. Nc3 g6 6. g3 Bg7 7. Bg2 O-O 8. O-O
Nc6 9. Nde2 Bg4 10. h3 Bxe2 11. Qxe2 Rc8 12. a4 Qb6 13. Nb5 Nd4 14. Nxd4 Qxd4
15. c3 Qc4 16. Qxc4 Rxc4 17. e5 dxe5 18. Bxb7 Rb8 19. Rd1 Rc7 20. Bg2 Nd7 21.
a5 Nc5 22. Be3 e4 23. Ra2 f5 24. Bf1 Ne6 25. Rd5 Kf7 26. a6 Bf6 27. h4 Rd8 28.
Raa5 Rb8 29. Rab5 Rxb5 30. Bxb5 Bg7 31. Kf1 Bf6 32. Ke1 h5 33. Kd2 f4 34. gxf4
Bxh4 35. Rd7 Rxd7+ 36. Bxd7 Nc7 37. Bc8 Nb5 38. Bh3 e5 39. fxe5 Bd8 40. Bf1 Nc7
41. Bxa7 h4 42. Bb6 Bg5+ 43. Be3 Bxe3+ 44. Kxe3 h3 45. a7 1-0

[Event "64th DEN-ch"]
[Site "Naestved DEN"]
[Date "1985.04.02"]
[Round "5"]
[White "Hartung Nielsen, Jens"]
[Black "Hoei, Carsten"]
[WhiteElo "2245"]
[BlackElo "2380"]
[Result "1/2-1/2"]
[EventDate "1985.03.29"]
[SourceTitle "MCD"]
[PlyCount "34"]
[EventCategory "4"]
[Source "ChessBase"]
[SourceDate "1999.07.01"]
[SourceVersion "1"]
[SourceVersionDate "1999.07.01"]
[SourceQuality "1"]

1. d4 Nf6 2. Nf3 d5 3. c4 dxc4 4. e3 Bg4 5. Bxc4 e6 6. Nc3 Nc6 7. h3 Bh5 8. O-O
Bd6 9. Be2 O-O 10. Nb5 Be7 11. b3 a6 12. Nc3 Bd6 13. Bb2 Qe7 14. Ne5 Bxe2 15.
Nxc6 Bxd1 16. Nxe7+ Bxe7 17. Rfxd1 Bb4 1/2-1/2

[Event "64th DEN-ch"]
[Site "Naestved DEN"]
[Date "1985.04.02"]
[Round "5"]
[White "Jakobsen, Ole"]
[Black "Hansen, Curt"]
[WhiteElo "2400"]
[BlackElo "2505"]
[Result "1/2-1/2"]
[EventDate "1985.03.29"]
[SourceTitle "MCD"]
[PlyCount "72"]
[EventCategory "4"]
[Source "ChessBase"]
[SourceDate "1999.07.01"]
[SourceVersion "1"]
[SourceVersionDate "1999.07.01"]
[SourceQuality "1"]

1. c4 c5 2. Nc3 Nf6 3. g3 e6 4. Nf3 d5 5. cxd5 exd5 6. d4 Nc6 7. Bg2 Be7 8. O-O
O-O 9. dxc5 Bxc5 10. Na4 Be7 11. Be3 Re8 12. Rc1 Bg4 13. a3 Qd7 14. Re1 Bh3 15.
Bh1 Ne4 16. Nc3 Nxc3 17. Rxc3 Bf6 18. Bd4 Nxd4 19. Nxd4 Rac8 20. Rd3 Rc7 21.
Qd2 Rec8 22. Rd1 b6 23. b3 h6 24. a4 Bg4 25. Bf3 Bxf3 26. Rxf3 Bg5 27. Qd3 Qh3
28. Qf5 Qxf5 29. Rxf5 Rc1 30. Rxc1 Rxc1+ 31. Kg2 Rc5 32. Rf3 Bf6 33. Rd3 Bxd4
34. Rxd4 Kf8 35. Rd3 Ke7 36. Kf3 Ke6 1/2-1/2

[Event "64th DEN-ch"]
[Site "Naestved DEN"]
[Date "1985.04.02"]
[Round "5"]
[White "Kristiansen, Jens"]
[Black "Pedersen, Erik"]
[WhiteElo "2455"]
[BlackElo "2395"]
[Result "1-0"]
[EventDate "1985.03.29"]
[SourceTitle "MCD"]
[PlyCount "73"]
[EventCategory "4"]
[Source "ChessBase"]
[SourceDate "1999.07.01"]
[SourceVersion "1"]
[SourceVersionDate "1999.07.01"]
[SourceQuality "1"]

1. e4 c6 2. d4 d5 3. Nd2 Qb6 4. Ngf3 Bg4 5. c3 e6 6. Bd3 Nf6 7. O-O Be7 8. exd5
cxd5 9. Qc2 Nc6 10. Re1 Bh5 11. Ng5 Rc8 12. Qb1 Qc7 13. Nf1 h6 14. Nh3 Bd6 15.
Ng3 Bg4 16. Bf5 Bxf5 17. Qxf5 Bxg3 18. hxg3 O-O 19. Qf3 Ne4 20. Qh5 f5 21. Nf4
Qf7 22. Qe2 Rce8 23. Nd3 g5 24. Kh2 Kg7 25. Rh1 Rh8 26. Qe1 h5 27. Kg1 f4 28.
gxf4 g4 29. f3 gxf3 30. gxf3 Nd6 31. Kh2 Qf5 32. Ne5 Kh6 33. Rg1 Rhg8 34. Rg5
Qc2+ 35. Kh3 Nf5 36. Qg1 Ng7 37. f5 1-0

[Event "64th DEN-ch"]
[Site "Naestved DEN"]
[Date "1985.04.03"]
[Round "6"]
[White "Brinck-Claussen, Bjoern"]
[Black "Jakobsen, Ole"]
[WhiteElo "2380"]
[BlackElo "2400"]
[Result "1-0"]
[EventDate "1985.03.29"]
[SourceTitle "MCD"]
[PlyCount "53"]
[EventCategory "4"]
[Source "ChessBase"]
[SourceDate "1999.07.01"]
[SourceVersion "1"]
[SourceVersionDate "1999.07.01"]
[SourceQuality "1"]

1. d4 Nf6 2. c4 c5 3. d5 g6 4. Nc3 d6 5. e4 Bg7 6. Bd3 O-O 7. h3 e6 8. Nf3 exd5
9. exd5 Re8+ 10. Be3 Nh5 11. O-O Nd7 12. Bg5 Bf6 13. Bxf6 Ndxf6 14. Qd2 Ng7 15.
Rae1 Bf5 16. Bxf5 Nxf5 17. g4 Ng7 18. Qf4 Rxe1 19. Rxe1 Nfe8 20. Ng5 Qd7 21.
Re3 h6 22. Nge4 f5 23. Qxh6 fxe4 24. Nxe4 b5 25. Rf3 Qe7 26. Qxg6 Qh4 27. Ng5
1-0

[Event "64th DEN-ch"]
[Site "Naestved DEN"]
[Date "1985.04.03"]
[Round "6"]
[White "Oest-Hansen, Jacob"]
[Black "Reinert, Mads"]
[WhiteElo "2430"]
[BlackElo "2260"]
[Result "1-0"]
[EventDate "1985.03.29"]
[SourceTitle "MCD"]
[PlyCount "55"]
[EventCategory "4"]
[Source "ChessBase"]
[SourceDate "1999.07.01"]
[SourceVersion "1"]
[SourceVersionDate "1999.07.01"]
[SourceQuality "1"]

1. g3 g6 2. Bg2 Bg7 3. e4 b5 4. f4 Bb7 5. Qe2 a6 6. Nf3 c5 7. d3 Nc6 8. c3 e6
9. Be3 d6 10. O-O Nge7 11. Nbd2 O-O 12. Bf2 Qc7 13. Rfc1 Rae8 14. d4 c4 15. e5
dxe5 16. dxe5 Rd8 17. Ne4 Nd5 18. Bc5 Nce7 19. Qf2 Nxf4 20. Bd6 Qd7 21. Nc5
Nxg2 22. Nxd7 Rxd7 23. Qxg2 Nf5 24. Rd1 Rfd8 25. Qe2 Bh6 26. g4 Ne3 27. g5 Bxf3
28. Qxe3 1-0

[Event "64th DEN-ch"]
[Site "Naestved DEN"]
[Date "1985.04.03"]
[Round "6"]
[White "Rasmussen, Karsten"]
[Black "Fries-Nielsen, Jens Ove"]
[WhiteElo "2295"]
[BlackElo "2390"]
[Result "1/2-1/2"]
[EventDate "1985.03.29"]
[SourceTitle "MCD"]
[PlyCount "26"]
[EventCategory "4"]
[Source "ChessBase"]
[SourceDate "1999.07.01"]
[SourceVersion "1"]
[SourceVersionDate "1999.07.01"]
[SourceQuality "1"]

1. e4 g6 2. d4 Bg7 3. Nc3 c6 4. f4 d5 5. e5 h5 6. Nf3 Nh6 7. Be3 Bg4 8. Be2 e6
9. O-O Nf5 10. Bf2 Bh6 11. Qd2 Nd7 12. b3 Qe7 13. Na4 Bxf3 1/2-1/2

[Event "64th DEN-ch"]
[Site "Naestved DEN"]
[Date "1985.04.04"]
[Round "7"]
[White "Jakobsen, Ole"]
[Black "Oest-Hansen, Jacob"]
[WhiteElo "2400"]
[BlackElo "2430"]
[Result "0-1"]
[EventDate "1985.03.29"]
[SourceTitle "MCD"]
[PlyCount "82"]
[EventCategory "4"]
[Source "ChessBase"]
[SourceDate "1999.07.01"]
[SourceVersion "1"]
[SourceVersionDate "1999.07.01"]
[SourceQuality "1"]

1. c4 Nf6 2. Nc3 g6 3. e4 d6 4. d4 Bg7 5. f3 O-O 6. Be3 b6 7. Qd2 c5 8. d5 e6
9. O-O-O exd5 10. Nxd5 Nc6 11. Ne2 Be6 12. Bh6 Bxd5 13. exd5 Ne5 14. Nc3 Re8
15. Bxg7 Kxg7 16. Be2 h5 17. h3 h4 18. f4 Ned7 19. Bf3 a6 20. Qf2 Rh8 21. a4
Nh5 22. Bxh5 Rxh5 23. Rhe1 Nf6 24. Re2 Qd7 25. Rde1 b5 26. Re7 Qf5 27. Ne4 Nxe4
28. R1xe4 bxc4 29. Qc2 Rb8 30. Qxc4 Qf6 31. Qc3 Qxc3+ 32. bxc3 Rxd5 33. Ra7 Rb6
34. a5 Rb3 35. Kc2 Ra3 36. Rxa6 Ra2+ 37. Kb3 Rdd2 38. Re1 d5 39. Rb1 Rxg2 40.
Ra8 Rgf2 41. a6 Ra5 0-1

[Event "64th DEN-ch"]
[Site "Naestved DEN"]
[Date "1985.04.04"]
[Round "7"]
[White "Pedersen, Erik"]
[Black "Hansen, Curt"]
[WhiteElo "2395"]
[BlackElo "2505"]
[Result "1-0"]
[EventDate "1985.03.29"]
[SourceTitle "MCD"]
[PlyCount "43"]
[EventCategory "4"]
[Source "ChessBase"]
[SourceDate "1999.07.01"]
[SourceVersion "1"]
[SourceVersionDate "1999.07.01"]
[SourceQuality "1"]

1. d4 Nf6 2. Nf3 e6 3. e3 b6 4. Bd3 Bb7 5. O-O c5 6. b3 Be7 7. c4 O-O 8. Bb2
cxd4 9. exd4 d5 10. Qe2 Nbd7 11. Nc3 a6 12. Rfd1 Qc7 13. Ne5 dxc4 14. bxc4 Rad8
15. f4 Rfe8 16. Rac1 Bf8 17. Qf2 g6 18. Qh4 Nxe5 19. fxe5 Rxd4 20. Qxf6 Bh6 21.
Nd5 Qc5 22. Qf2 1-0